<?xml version="1.0" encoding="UTF-8"?>
<record
    xmlns:xsi="http://www.w3.org/2001/XMLSchema-instance"
    xsi:schemaLocation="http://www.loc.gov/MARC21/slim http://www.loc.gov/standards/marcxml/schema/MARC21slim.xsd"
    xmlns="http://www.loc.gov/MARC21/slim">

  <leader>00707nam a22002297a 4500</leader>
  <datafield tag="999" ind1=" " ind2=" ">
    <subfield code="c">38</subfield>
    <subfield code="d">38</subfield>
  </datafield>
  <controlfield tag="003">OSt</controlfield>
  <controlfield tag="005">20251027105605.0</controlfield>
  <controlfield tag="008">230623b           ||||| |||| 00| 0 eng d</controlfield>
  <datafield tag="020" ind1=" " ind2=" ">
    <subfield code="a">978-93-83728-97-8</subfield>
    <subfield code="q">(hardbound)</subfield>
  </datafield>
  <datafield tag="040" ind1=" " ind2=" ">
    <subfield code="c">NMSCST</subfield>
  </datafield>
  <datafield tag="082" ind1=" " ind2=" ">
    <subfield code="a">428.0071</subfield>
    <subfield code="b">K176 2017</subfield>
  </datafield>
  <datafield tag="100" ind1=" " ind2=" ">
    <subfield code="a">Kapoor, P. L. </subfield>
  </datafield>
  <datafield tag="245" ind1=" " ind2=" ">
    <subfield code="a">English language, literature and communication / </subfield>
    <subfield code="c">P. L. Kapoor.</subfield>
  </datafield>
  <datafield tag="260" ind1=" " ind2=" ">
    <subfield code="a">Jaipur : </subfield>
    <subfield code="b">Galaxy Book Company, </subfield>
    <subfield code="c">2017.</subfield>
  </datafield>
  <datafield tag="300" ind1=" " ind2=" ">
    <subfield code="a">250 p. </subfield>
  </datafield>
  <datafield tag="500" ind1=" " ind2=" ">
    <subfield code="a">In 2 volumes.</subfield>
  </datafield>
  <datafield tag="504" ind1=" " ind2=" ">
    <subfield code="a">Includes bibliographical references (pp. 24-250).</subfield>
  </datafield>
  <datafield tag="650" ind1=" " ind2=" ">
    <subfield code="a">English language--Study and teaching.</subfield>
  </datafield>
  <datafield tag="650" ind1=" " ind2=" ">
    <subfield code="a">English language--Written English.</subfield>
  </datafield>
  <datafield tag="650" ind1=" " ind2=" ">
    <subfield code="a">English literature.</subfield>
  </datafield>
  <datafield tag="942" ind1=" " ind2=" ">
    <subfield code="2">ddc</subfield>
    <subfield code="c">CIR</subfield>
  </datafield>
  <datafield tag="952" ind1=" " ind2=" ">
    <subfield code="0">0</subfield>
    <subfield code="1">0</subfield>
    <subfield code="2">ddc</subfield>
    <subfield code="4">0</subfield>
    <subfield code="7">0</subfield>
    <subfield code="8">NFIC</subfield>
    <subfield code="a">CL</subfield>
    <subfield code="b">CL</subfield>
    <subfield code="c">RES</subfield>
    <subfield code="d">2023-06-23</subfield>
    <subfield code="e">Purchased (New Century)</subfield>
    <subfield code="f">ABLit</subfield>
    <subfield code="h">9721</subfield>
    <subfield code="l">0</subfield>
    <subfield code="o">428.0071 K176 2017 v.1</subfield>
    <subfield code="p">9721</subfield>
    <subfield code="r">2023-06-23</subfield>
    <subfield code="w">2023-06-23</subfield>
    <subfield code="y">CIR</subfield>
  </datafield>
  <datafield tag="952" ind1=" " ind2=" ">
    <subfield code="0">0</subfield>
    <subfield code="1">0</subfield>
    <subfield code="2">ddc</subfield>
    <subfield code="4">0</subfield>
    <subfield code="7">0</subfield>
    <subfield code="8">NFIC</subfield>
    <subfield code="a">CL</subfield>
    <subfield code="b">CL</subfield>
    <subfield code="c">RES</subfield>
    <subfield code="d">2023-06-23</subfield>
    <subfield code="e">Purchased (New Century)</subfield>
    <subfield code="f">ABLit</subfield>
    <subfield code="h">9722</subfield>
    <subfield code="l">0</subfield>
    <subfield code="o">428.0071 K176 2017 v.2</subfield>
    <subfield code="p">9722</subfield>
    <subfield code="r">2023-06-23</subfield>
    <subfield code="w">2023-06-23</subfield>
    <subfield code="y">CIR</subfield>
  </datafield>
</record>
